| 000 | 00457nam a2200181Ia 4500 | ||
|---|---|---|---|
| 008 | 230524s9999 xx 000 0 und d | ||
| 020 | _a9788131503218 | ||
| 082 |
_a620.11 _bASK |
||
| 100 | _aDonald R. Askeland | ||
| 245 | 4 | _aThe Science and Engineering of Materials | |
| 250 | _a5TH | ||
| 260 |
_aNEW DELHI _bCengage _c2009 |
||
| 300 | _aXIV;849 | ||
| 500 | _aQuantity Number: 5 | ||
| 650 | _aChemistry | ||
| 700 | _a Pradeep P.Phule | ||
| 942 | _cBK | ||
| 999 |
_c43880 _d43880 |
||